Über die früheren wohngebiete der wogulen im lichte der ortsnamenforschung

Elmentve itt :
Bibliográfiai részletek
Szerző: Kannisto Artturi
Dokumentumtípus: Cikk
Megjelent: 1927
Sorozat:Finnisch-ugrischen Forschungen
Kulcsszavak:Vogul nyelv - helynevek
Tárgyszavak:
Online Access:http://misc.bibl.u-szeged.hu/65867
LEADER 00778nab a2200229 i 4500
001 misc65867
005 20220929083749.0
008 220504s1927 hu o 0|| ger d
040 |a SZTE Miscellanea Repozitórium  |b hun 
041 |a ger 
041 |a fiu 
100 1 |a Kannisto Artturi 
245 1 0 |a Über die früheren wohngebiete der wogulen im lichte der ortsnamenforschung  |h [elektronikus dokumentum] /  |c  Kannisto Artturi 
260 |c 1927 
300 |a p. 57-88. 1 t.  |c 22 cm 
490 0 |a Finnisch-ugrischen Forschungen 
561 |a Németh Gyula hagyaték 
591 |a NOU 2628 
650 4 |a Bölcsészettudományok 
650 4 |a Nyelvek és irodalom 
695 |a Vogul nyelv - helynevek 
856 4 0 |u http://misc.bibl.u-szeged.hu/65867/1/2628_nou_k14.pdf  |z Dokumentum-elérés